History Quiz

Random History or Year Quiz

Historical Events of 2000 Quiz Stats

 Plays Quiz Updated Aug 27, 2018

Support Sporcle.
Go Orange.
Score 0/28 Timer 06:00
7 Plays Today
Hint Answer % Correct
This man stepped down from his post of CEO at MicrosoftBill Gates
92%
This Republican candidate was elected presidentGeorge W. Bush
84.6%
This golfer completed the career grand slamTiger Woods
84.4%
Presidential ballots were recounted in this stateFlorida
81.6%
The tribe spoke and this reality show crowned its first winnerSurvivor
73.7%
This politician was elected president of RussiaVladimir Putin
72.5%
This country's nuke sub sunkRussia
71.2%
This man was chosen as the first African American secretary of stateColin Powell
67.2%
This Broadway musical closedCats
65.3%
American and Russian astronauts became the first residents of thisInternational Space Station
63.3%
This baseball player signed the most lucrative sports contract in historyAlex Rodriguez
61.2%
This governmental body ruled on the U.S. presidential electionSupreme Court
60.5%
This country withdrew from LebanonIsrael
53.4%
Vicente Fox became president of this countryMexico
52.7%
Hint Answer % Correct
This company merged with Time WarnerAOL
52.7%
This became the first U.S. state to allow civil unions for same-sex couplesVermont
50.4%
This boy was returned to CubaElian Gonzalez
50.1%
Scientists announced that they mapped thisHuman genome
46.4%
U.S. federal judges ruled that this company violated anti-trust lawsMicrosoft
45.6%
This pop superstar was married in ScotlandMadonna
45%
This object was removed from South Carolina Capitol domeConfederate flag
44.9%
A second intefadeh was sparked by Ariel Sharon's visit to a site in this cityJerusalem
43%
This band won 8 Grammys for 'Supernatural'Santana
33.9%
17 U.S. soldiers were attacked in Yemen, while aboard this vesselUSS Cole
29.8%
This crashed in Paris, killing 113Concorde
27.8%
Reformers won elections in this countryIran
26.5%
Chase Manhattan bought this company for $35 billionJ.P. Morgan
18.7%
This abortifacient pill was FDA approvedRU-486
13.8%

From the Vault

One in a Group Blitz - Gaming

by caseyw690

Gaming 2m
It's time to get good, scrub.
Remove Ads.
Support Sporcle.
Get the best of Sporcle when you Go Orange. This ad-free experience offers more features, more stats, and more fun while also helping to support Sporcle. Thank you for becoming a member.

Show Comments

Extras

Top Quizzes Today


Score Distribution

Your Account Isn't Verified!

In order to create a playlist on Sporcle, you need to verify the email address you used during registration. Go to your Sporcle Settings to finish the process.

Report this User

Report this user for behavior that violates our Community Guidelines.

Details: